000 00713nam a2200289Ia 4500
005 20260324133639.0
008 008 260324s9999 xx 000 0 eng d
020 _a9781315015422
037 _aEBOOK
040 _aCRL
040 _beng
040 _cCRL
041 _2eng
041 _aeng
084 _qCRL
100 _aGeorge Phillip Krapp; Gilbert M. Tucker
_91193860
245 4 _aThe Pronunciation of Standard English in America
245 4 _band American English
260 _bTaylor and Francis
260 _c2003
365 _a
365 _b450
856 _uhttp://www.taylorfrancis.com/books/9781315015422
942 _cEBOOK
999 _c1793135
_d1793135